header

Natural disasters and energy policy (Record no. 71113)

MARC details
000 -LEADER
fixed length control field 01537nam a2200337Ia 4500
082 04 - DEWEY DECIMAL CLASSIFICATION NUMBER
Classification number 551
100 1# - MAIN ENTRY--AUTHOR NAME
Personal name Platt, Rutherford H.
245 10 - TITLE STATEMENT
Title Natural disasters and energy policy
260 ## - PUBLICATION, DISTRIBUTION, ETC. (IMPRINT)
Place of publication Washington, D.C. :
Name of publisher National Academy Press,
Year of publication 2002.
300 ## - PHYSICAL DESCRIPTION
Number of Pages v, 18 leaves.
500 ## - GENERAL NOTE
General note At head of title: The National Academies.
650 #0 - SUBJECT ADDED ENTRY--TOPICAL TERM
Topical Term Natural disasters
Topical Term Energy policy
700 1# - ADDED ENTRY--PERSONAL NAME
Personal name Mockler, Susan B.
856 40 - ELECTRONIC LOCATION AND ACCESS
Uniform Resource Identifier http://site.ebrary.com/lib/rucke/Doc?id=10056995

No items available.

© 2026 Rongo University
Contact us: librarian | system librarian | Rongo university